Guernsey czy Jersey? - Statystyki

Ogólne statystyki
  • Ten quiz został rozwiązany 10 razy
  • Średni wynik to 7 z 10
Statystyki odpowiedzi
Zagadnienie Odpowiedź % Poprawnych
Ma większą populację Jersey
100%
Należy do Wysp Normandzkich Oba
100%
Wyspa Sark jest częścią tego Baliwatu Guernsey
83%
Znajduje się tam grobowiec La Varde Guernsey
67%
Najwyższym punktem na wyspie jest Hautnez, który wznosi się na wysokość 110 m n.p.m. Guernsey
67%
Lokalnym hymnem jest "Island Home" Jersey
67%
Stolicą tego terytorium jest Saint Peter Port Guernsey
50%
Terytorium dzieli się na 12 okręgów Jersey
50%
Podczas II wojny światowej było okupowane przez Niemców Oba
33%
Jednym z języków urzędowych jest język francuski Oba
33%
Nie znaleziono quizów pasujących do podanych kryteriów
Rozkład punktacji
Procent ludzi z każdym wynikiem
Percentyl według liczby udzielonych odpowiedzi
Twoja historia wyników
Nie rozwiązałeś tego quizu